| 000 | 01505cad a22002895a 4500 | ||
|---|---|---|---|
| 001 | L138094 | ||
| 008 | 070516s2007 xxkado f 000 0 eng d | ||
| 020 | _a9781859462874 | ||
| 035 | _a(Sirsi) u138094 | ||
| 041 | 0 | _aeng | |
| 100 | 1 | _aBowker, Pam | |
| 245 | 0 | 0 |
_aImproving the flood performance of new buildings _bflood resilient construction _h[electronic resource] |
| 260 |
_aLondon _bDCLG _c2007 |
||
| 520 | _aProvides guidance on the design and specification of housing and other buildings in order to reduce the impacts of flooding. Gives recommendations for constructing flood buildings in flood prone areas. Details methods for flood avoidance, resistance, resilience and repairability. Considers the relative merits of water exclusion and water entry strategies. | ||
| 590 | _aKA NTK | ||
| 650 | 2 | 4 | _aPLANNING POLICY STATEMENT 25 |
| 650 | 2 | 4 | _aTAN 15 |
| 650 | 2 | 4 | _aSPP7 |
| 650 | 2 | 4 | _aUK CLIMATE IMPACTS PROGRAMME |
| 651 | 4 |
_aUnited Kingdom _y |
|
| 690 | _aBUILT ENVIRONMENT-CONSTRUCTION DESIGN-CONSTRUCTION SPECIFICATION | ||
| 700 | 1 | _aManuela, Escarameia | |
| 700 | 1 | _aTagg, Andrew | |
| 856 | 4 | 0 |
_uhttps://webarchive.nationalarchives.gov.uk/20100408054112/http://www.planningportal.gov.uk/uploads/br/flood_performance.pdf _zView the item free of charge in the National Archives |
| 856 | 4 | 0 |
_uhttps://webarchive.nationalarchives.gov.uk/20100408054112/http://www.planningportal.gov.uk/uploads/br/flood_performance.pdf _zView the item free of charge at the www.gov.uk |
| 942 | _n0 | ||
| 999 |
_c106997 _d106997 |
||